| 000 | 02672nam0a2200433 4500 | ||
|---|---|---|---|
| 001 | RU\NLR\BIBL_A\011366596 | ||
| 005 | 20260408082311.0 | ||
| 020 |
_aRU _b1608 _9Сводный каталог листовок первых лет Советской власти (25 октября (7 ноября) 1917 - 1925) Т.1. Листовки высших органов государственной власти и управления, центральных партийных, профсоюзных, комсомольских и других организаций. Ч.1.-2 |
||
| 035 | _a(NLR Aleph) 011366596 | ||
| 090 |
_a11327674 _c11327674 |
||
| 100 | _a20170413d1919 |||y0rusy50 ca | ||
| 101 | 0 | _arus | |
| 102 | _aRU | ||
| 105 | _ay z 000zy | ||
| 135 | _acrcn 024apada | ||
| 200 | 1 |
_aИнструкция: [О борьбе с дезертирством], 6 авг. 1919 г. № 2890. г. Москва _e[листовка] |
|
| 210 |
_a[Меленки _cб. и. _d1919] |
||
| 215 |
_a1 с. _d47х18 |
||
| 300 | _aПодписи: народный комиссар юстиции Курский; предцентркомдезертир Данилов | ||
| 300 | _aВ конце листовки: Меленковская уездная комиссия по борьбе с дезертирством | ||
| 309 | _aКопия | ||
| 325 | 1 | _aКопия доступна в Электронной библиотеке РНБ | |
| 517 | 1 | _aО борьбе с дезертирством, 6 авг. 1919 г. № 2890. г. Москва | |
| 607 |
_aРСФСР _jЛистовки _xПолитика и управление _y1917 - 1925 _92312782 _3RU\NLR\auth\6601609564 |
||
| 686 | 0 | _aТ3(2)71-313,011 | |
| 686 | 1 | _aЦ35(2)712,011 | |
| 702 | 1 |
_4720 _8rus _7ca _aКурский _bД. И. _cгос. деятель _f1874-1932 _gДмитрий Иванович _3RU\NLR\AUTH\77117856 _9100781 |
|
| 702 | 1 |
_4720 _aДанилов _bС. С. _cгос. деятель _f1876-1939 _gСтепан Степанович _9172488 _3RU\NLR\AUTH\770172539 |
|
| 710 | 0 | 1 |
_aРСФСР _bНародный комиссариат юстиции _3RU\NLR\AUTH\8810143285 _9781171 |
| 712 | 0 | 2 |
_4570 _aМеленковская уездная комиссия по борьбе с дезертирством _9554794 _3RU\NLR\AUTH\880445575 |
| 852 | 0 | 0 |
_aNLR _bФЛ _j8/96 |
| 942 | _cBOOK | ||
| 980 | _aNB | ||
| 981 | 2 | 1 |
_a(21) Листовки _b(21) Листовки 1919 года |